000 01033cad a22001935a 4500
001 L150543
008 100726e2010 xxk 000 0 eng d
035 _a(Sirsi) u150543
041 0 _aeng
110 2 _aUnited Kingdom
_bCentral Office of Information
_bDirectGov
_95169
245 0 0 _aChoosing how to plan your community's future
_ba community's right to build
_h[electronic resource]
260 _c2010
520 _aCommunity Right to Build is a change in the law that would enable local people to make decisions about how their local areas should grow. If this new legislation is passed it would allow communities to develop new homes, shops and facilities and go ahead with developments that have overwhelming community support without the need for planning permission.
590 _aKA NTK
651 4 _aUnited Kingdom
_y
690 _aENVIRONMENTAL AND LAND CONSULTANCY-PLANNING AND DEVELOPMENT
856 4 8 _uhttps://www.direct.gov.uk/en/Nl1/Newsroom/DG_189548
_zView the item free of charge at www.direct.gov
942 _n0
999 _c82551
_d82551